000 01782nam a2200349 i 4500
001 193519
003 SpMaBN
005 20250712063142.0
007 ta
008 240103s2020 sp | |||| 000 0dspa
017 _aM 1657-2020
_bOficina Depósito Legal Madrid
035 _aa6678797
040 _aSpMaBN
_bspa
_cSpMaBN
_erda
_dES-MaACL
080 _a82.09
100 _aMartínez-Conde, Ricardo,
_d1949-
_9234824
_eaut
245 1 0 _aAl calor de la lectura IV :
_breseñas literarias /
_cRicardo Martínez ; prólogo, Alfredo Óvilo
250 _aPrimera edición, 2020
264 1 _a[Madrid] :
_bEditorial Ortigia,
_c[2020]
300 _a186 páginas ;
_c21 cm
336 _aTexto
_2rdacontent
337 _asin mediación
_2rdamedia
338 _avolumen
_2rdacarrier
520 _aEste libro recoge las reseñas que han aparecido en distintos medios en los que he colaborado. Ahí he ido dejando mis invitaciones al secreto arte de leer. Tómalo así, pues, lector: como una invitación a la lectura. Esto es, como la sugerencia en favor del libro como un bien, pues él propicia, cuando menos, esa compañía discreta que todo solitario aprecia y que por discreción (¿a veces por orgullo?) no siempre se atreve a solicitar. Ánimo, y buen provecho
650 4 _aLiteratura-
_914494
_vReseñas bibliográficas
655 0 _aReseñas bibliográficas
_9234825
852 _aES-MaACL
_bR.154866
_cDEPOJ
_jN-9703
_9201000
_hDonación: editorial
_xEncuadernación rústica con solapas
942 _n0
_cMONOGRAFIA
999 _c193519
_d193519